<?xml version="1.0" encoding="UTF-8"?>
<record
    xmlns:xsi="http://www.w3.org/2001/XMLSchema-instance"
    xsi:schemaLocation="http://www.loc.gov/MARC21/slim http://www.loc.gov/standards/marcxml/schema/MARC21slim.xsd"
    xmlns="http://www.loc.gov/MARC21/slim">

  <leader>02289nam a22002657a 4500</leader>
  <controlfield tag="003">NALT</controlfield>
  <controlfield tag="005">20240712115534.0</controlfield>
  <controlfield tag="008">230619b        th ||||| |||| 00| 0 tha d</controlfield>
  <datafield tag="040" ind1=" " ind2=" ">
    <subfield code="a">NALT</subfield>
  </datafield>
  <datafield tag="050" ind1=" " ind2=" ">
    <subfield code="a">DS 584</subfield>
    <subfield code="b">&#xE1B;114&#xE21; </subfield>
  </datafield>
  <datafield tag="245" ind1="1" ind2="0">
    <subfield code="a">&#xE40;&#xE21;&#xE37;&#xE2D;&#xE07;&#xE15;&#xE23;&#xE31;&#xE07; &#xE43;&#xE19;&#xE04;&#xE23;&#xE32;&#xE27;&#xE23;&#xE1E;&#xE23;&#xE30;&#xE1A;&#xE32;&#xE17;&#xE2A;&#xE21;&#xE40;&#xE14;&#xE47;&#xE08;&#xE1E;&#xE23;&#xE30;&#xE1B;&#xE01;&#xE40;&#xE01;&#xE25;&#xE49;&#xE32;&#xE40;&#xE08;&#xE49;&#xE32;&#xE2D;&#xE22;&#xE39;&#xE48;&#xE2B;&#xE31;&#xE27; &#xE40;&#xE2A;&#xE14;&#xE47;&#xE08;&#xE2F; &#xE40;&#xE25;&#xE35;&#xE22;&#xE1A;&#xE21;&#xE13;&#xE11;&#xE25;&#xE20;&#xE39;&#xE40;&#xE01;&#xE47;&#xE15; &#xE1E;.&#xE28;.2471 &#xE41;&#xE25;&#xE30; &#xE2A;&#xE21;&#xE40;&#xE14;&#xE47;&#xE08;&#xE1E;&#xE23;&#xE30;&#xE19;&#xE32;&#xE07;&#xE40;&#xE08;&#xE49;&#xE32;&#xE23;&#xE33;&#xE44;&#xE1E;&#xE1E;&#xE23;&#xE23;&#xE13;&#xE35; &#xE1E;&#xE23;&#xE30;&#xE1A;&#xE23;&#xE21;&#xE23;&#xE32;&#xE0A;&#xE34;&#xE19;&#xE35;&#xE43;&#xE19;&#xE23;&#xE31;&#xE0A;&#xE01;&#xE32;&#xE25;&#xE17;&#xE35;&#xE48; 7 &#xE40;&#xE2A;&#xE14;&#xE47;&#xE08; &#xE2F; &#xE40;&#xE22;&#xE37;&#xE2D;&#xE19; &#xE08;&#xE31;&#xE07;&#xE2B;&#xE27;&#xE31;&#xE14;&#xE15;&#xE23;&#xE31;&#xE07; &#xE1E;.&#xE28;.2515 /</subfield>
    <subfield code="c">&#xE04;&#xE13;&#xE30;&#xE1C;&#xE39;&#xE49;&#xE08;&#xE31;&#xE14;&#xE17;&#xE33;, &#xE2A;&#xE16;&#xE32;&#xE1A;&#xE31;&#xE19;&#xE1E;&#xE23;&#xE30;&#xE1B;&#xE01;&#xE40;&#xE01;&#xE25;&#xE49;&#xE32;, &#xE2B;&#xE2D;&#xE08;&#xE14;&#xE2B;&#xE21;&#xE32;&#xE22;&#xE40;&#xE2B;&#xE15;&#xE38;&#xE41;&#xE2B;&#xE48;&#xE07;&#xE0A;&#xE32;&#xE15;&#xE34;, &#xE2B;&#xE2D;&#xE08;&#xE14;&#xE2B;&#xE21;&#xE32;&#xE22;&#xE40;&#xE2B;&#xE15;&#xE38;&#xE41;&#xE2B;&#xE48;&#xE07;&#xE0A;&#xE32;&#xE15;&#xE34;&#xE40;&#xE09;&#xE25;&#xE34;&#xE21;&#xE1E;&#xE23;&#xE30;&#xE40;&#xE01;&#xE35;&#xE22;&#xE23;&#xE15;&#xE34; &#xE2A;&#xE21;&#xE40;&#xE14;&#xE47;&#xE08;&#xE1E;&#xE23;&#xE30;&#xE19;&#xE32;&#xE07;&#xE40;&#xE08;&#xE49;&#xE32;&#xE2A;&#xE34;&#xE23;&#xE34;&#xE01;&#xE34;&#xE15;&#xE34;&#xE4C; &#xE1E;&#xE23;&#xE30;&#xE1A;&#xE23;&#xE21;&#xE23;&#xE32;&#xE0A;&#xE0A;&#xE34;&#xE19;&#xE35;&#xE19;&#xE32;&#xE16; &#xE15;&#xE23;&#xE31;&#xE07;.</subfield>
  </datafield>
  <datafield tag="260" ind1=" " ind2=" ">
    <subfield code="a">&#xE01;&#xE23;&#xE38;&#xE07;&#xE40;&#xE17;&#xE1E;&#xE2F; :</subfield>
    <subfield code="b">&#xE2A;&#xE16;&#xE32;&#xE1A;&#xE31;&#xE19;&#xE1E;&#xE23;&#xE30;&#xE1B;&#xE01;&#xE40;&#xE01;&#xE25;&#xE49;&#xE32;,</subfield>
    <subfield code="c">&#xE21;.&#xE1B;.&#xE1B;..</subfield>
  </datafield>
  <datafield tag="300" ind1=" " ind2=" ">
    <subfield code="a">20 &#xE2B;&#xE19;&#xE49;&#xE32; :</subfield>
    <subfield code="b">&#xE20;&#xE32;&#xE1E;&#xE1B;&#xE23;&#xE30;&#xE01;&#xE2D;&#xE1A; ;</subfield>
    <subfield code="c">21 &#xE0B;&#xE21;.</subfield>
  </datafield>
  <datafield tag="600" ind1="0" ind2="4">
    <subfield code="9">10802</subfield>
    <subfield code="a">&#xE1B;&#xE01;&#xE40;&#xE01;&#xE25;&#xE49;&#xE32;&#xE40;&#xE08;&#xE49;&#xE32;&#xE2D;&#xE22;&#xE39;&#xE48;&#xE2B;&#xE31;&#xE27;, </subfield>
    <subfield code="c">&#xE1E;&#xE23;&#xE30;&#xE1A;&#xE32;&#xE17;&#xE2A;&#xE21;&#xE40;&#xE14;&#xE47;&#xE08;&#xE1E;&#xE23;&#xE30;,</subfield>
    <subfield code="d">2436-2484</subfield>
  </datafield>
  <datafield tag="600" ind1="0" ind2="4">
    <subfield code="9">57850</subfield>
    <subfield code="a">&#xE23;&#xE33;&#xE44;&#xE1E;&#xE1E;&#xE23;&#xE23;&#xE13;&#xE35; &#xE1E;&#xE23;&#xE30;&#xE1A;&#xE23;&#xE21;&#xE23;&#xE32;&#xE0A;&#xE34;&#xE19;&#xE35;, </subfield>
    <subfield code="c">&#xE2A;&#xE21;&#xE40;&#xE14;&#xE47;&#xE08;&#xE1E;&#xE23;&#xE30;&#xE19;&#xE32;&#xE07;&#xE40;&#xE08;&#xE49;&#xE32;, </subfield>
    <subfield code="d">2447-2527.</subfield>
  </datafield>
  <datafield tag="710" ind1="2" ind2=" ">
    <subfield code="9">2339</subfield>
    <subfield code="a">&#xE2A;&#xE16;&#xE32;&#xE1A;&#xE31;&#xE19;&#xE1E;&#xE23;&#xE30;&#xE1B;&#xE01;&#xE40;&#xE01;&#xE25;&#xE49;&#xE32;</subfield>
  </datafield>
  <datafield tag="710" ind1="2" ind2=" ">
    <subfield code="9">61069</subfield>
    <subfield code="a">&#xE2B;&#xE2D;&#xE08;&#xE14;&#xE2B;&#xE21;&#xE32;&#xE22;&#xE40;&#xE2B;&#xE15;&#xE38;&#xE41;&#xE2B;&#xE48;&#xE07;&#xE0A;&#xE32;&#xE15;&#xE34;</subfield>
  </datafield>
  <datafield tag="710" ind1="2" ind2=" ">
    <subfield code="9">61070</subfield>
    <subfield code="a">&#xE2B;&#xE2D;&#xE08;&#xE14;&#xE2B;&#xE21;&#xE32;&#xE22;&#xE40;&#xE2B;&#xE15;&#xE38;&#xE41;&#xE2B;&#xE48;&#xE07;&#xE0A;&#xE32;&#xE15;&#xE34;&#xE40;&#xE09;&#xE25;&#xE34;&#xE21;&#xE1E;&#xE23;&#xE30;&#xE40;&#xE01;&#xE35;&#xE22;&#xE23;&#xE15;&#xE34; &#xE2A;&#xE21;&#xE40;&#xE14;&#xE47;&#xE08;&#xE1E;&#xE23;&#xE30;&#xE19;&#xE32;&#xE07;&#xE40;&#xE08;&#xE49;&#xE32;&#xE2A;&#xE34;&#xE23;&#xE34;&#xE01;&#xE34;&#xE15;&#xE34;&#xE4C; &#xE1E;&#xE23;&#xE30;&#xE1A;&#xE23;&#xE21;&#xE23;&#xE32;&#xE0A;&#xE0A;&#xE34;&#xE19;&#xE35;&#xE19;&#xE32;&#xE16; &#xE15;&#xE23;&#xE31;&#xE07;</subfield>
  </datafield>
  <datafield tag="850" ind1=" " ind2=" ">
    <subfield code="a">NALT</subfield>
  </datafield>
  <datafield tag="942" ind1=" " ind2=" ">
    <subfield code="c">GB</subfield>
    <subfield code="2">lcc</subfield>
  </datafield>
  <datafield tag="996" ind1=" " ind2=" ">
    <subfield code="a">chunbijaya.r</subfield>
    <subfield code="b">CATSTF	</subfield>
    <subfield code="c">2023-06-19</subfield>
  </datafield>
  <datafield tag="996" ind1=" " ind2=" ">
    <subfield code="a">saiphon.d</subfield>
    <subfield code="b">CATSTF	</subfield>
    <subfield code="c">2023-06-20</subfield>
  </datafield>
  <datafield tag="999" ind1=" " ind2=" ">
    <subfield code="c">102298</subfield>
    <subfield code="d">102298</subfield>
  </datafield>
  <datafield tag="998" ind1=" " ind2=" ">
    <subfield code="j">8</subfield>
    <subfield code="k"> &#xE19;&#xE32;&#xE22;&#xE1A;&#xE31;&#xE13;&#xE11;&#xE34;&#xE15;  &#xE2D;&#xE38;&#xE17;&#xE32;&#xE27;&#xE07;&#xE04;&#xE4C;</subfield>
  </datafield>
  <datafield tag="952" ind1=" " ind2=" ">
    <subfield code="0">0</subfield>
    <subfield code="1">0</subfield>
    <subfield code="2">lcc</subfield>
    <subfield code="4">0</subfield>
    <subfield code="7">0</subfield>
    <subfield code="8">CGBL</subfield>
    <subfield code="a">NALT</subfield>
    <subfield code="b">NALT</subfield>
    <subfield code="c">GEN</subfield>
    <subfield code="d">2023-06-19</subfield>
    <subfield code="l">1</subfield>
    <subfield code="o">DS 584 &#xE1B;114&#xE21; </subfield>
    <subfield code="p">3961223224</subfield>
    <subfield code="r">2024-07-15 00:00:00</subfield>
    <subfield code="s">2024-07-12</subfield>
    <subfield code="w">2023-06-19</subfield>
    <subfield code="y">GB</subfield>
  </datafield>
</record>
